Statistics for Modern Day Countries of the Spanish Empire on a Map

Click here to take the quiz!

General Stats

  • This quiz has been taken 904 times
  • The average score is 32 of 34

Answers on the Map

Answers color-coded by a green-red scale on the quiz's map according to % correct below.
Loading ...
 

Answer Stats

Country% Correct
United States
100%
Mexico
100%
Argentina
99%
Ecuador
99%
Uruguay
99%
Spain
99%
Peru
99%
Paraguay
99%
Panama
99%
Morocco
99%
Venezuela
99%
Cuba
99%
Bolivia
99%
Brazil
99%
Chile
99%
Colombia
99%
Honduras
98%
Philippines
98%
El Salvador
98%
Nicaragua
98%
Costa Rica
98%
Guyana
98%
Guatemala
97%
Dominican Republic
97%
Belize
96%
Bahamas
93%
F.S. Micronesia
88%
Palau
85%
Nauru
83%
Marshall Islands
83%
Equatorial Guinea
83%
Trinidad and Tobago
79%
United Kingdom
79%
Canada
73%

Score Distribution

Percentile by Number Answered

Percent of People with Each Score

Your Score History

You have not taken this quiz